| 000 | 00579nam a2200217 a 4500 | ||
|---|---|---|---|
| 005 | 20210219153121.0 | ||
| 008 | 991125n 000 0 u | ||
| 035 | _aUPN01000078986 | ||
| 100 | 1 | _aHoffner, Cynthia | |
| 222 | _aCOMMUNICATION MONOGRAPHS | ||
| 245 | _aFactors affecting children's enjoyment of a frightening film sequence | ||
| 300 | _a41-62 | ||
| 362 | 0 | _a1991 Vol. 58, no. 1 | |
| 653 | 0 | _aENTREVISTA | |
| 653 | 0 | _aEDUCACION BASICA | |
| 653 | 0 | _aPELICULAS | |
| 700 | 1 | _aCantor, Joanne, | |
| 700 | 1 | _ecoaut. | |
| 904 |
_aAC _b016797 |
||
| 905 | _aArticulo | ||
| 999 |
_c68877 _d68877 |
||